000 00701nam a2200289Ia 4500
005 20260324144452.0
008 008 260324s9999 xx 000 0 eng d
020 _a9781351317405
037 _aEBOOK
040 _aCRL
040 _beng
040 _cCRL
041 _2eng
041 _aeng
084 _qCRL
100 _aPatricia Lee Sykes
_91219433
245 0 _aLosing from the Inside
245 0 _bCost of Conflict in the British Social Democratic Party
260 _bTaylor and Francis
260 _c1988
365 _a
365 _b170
856 _uhttp://www.taylorfrancis.com/books/9781351317405
942 _cEBOOK
999 _c1826086
_d1826086